| 000 | 00860 a2200277 4500 | ||
|---|---|---|---|
| 003 | OSt | ||
| 005 | 20180116192335.0 | ||
| 008 | 120308t xxu||||| |||| 00| 0 eng d | ||
| 010 | _a2009523576 | ||
| 020 | _a9783939633976 (pbk.) | ||
| 020 | _a3939633976 (pbk.) | ||
| 024 | 3 | _a9783939633976 | |
| 035 | _a(GyWOH)har090109340 | ||
| 040 | _c0 | ||
| 082 | _a720.9 | ||
| 245 | 0 | 0 |
_aJose Salinas, KnobsDesign : _bdisembodiment / _cIsolde Nagel (ed.). |
| 260 |
_aBerlin : _bJovis, _c2009. |
||
| 300 |
_a143 p. : _bmany ill. (partly col.), plans ; _c20 cm; |
||
| 440 | 0 |
_aArchitektur:Positionen _9571 |
|
| 500 | _aIncludes index | ||
| 650 |
_a Architects _9572 |
||
| 650 |
_aArchitecture _z United States _9573 |
||
| 651 |
_aSpain _xArchitecture _9574 |
||
| 942 |
_aSADA _cBK _k720.9 JOS 2009 _2ddc |
||
| 999 |
_c352461 _d352461 |
||